県庁所在地の町名 - Statistics

General Stats
  • This quiz has been taken 49 times
  • The average score is 4 of 47
Answer Stats
都道府県 市(区) 町名 番地 % Correct
東京都 新宿区 西新宿 2-8-1
64%
宮城県 仙台市青葉区 本町 3-8-1
56%
福井県 福井市 大手 3-17-1
36%
群馬県 前橋市 大手町 1-1-1
33%
大分県 大分市 大手町 3-1-1
33%
山梨県 甲府市 丸の内 1-6-1
23%
鳥取県 鳥取市 東町 1-220
13%
埼玉県 さいたま市浦和区 高砂 3-15-1
10%
神奈川県 横浜市中区 日本大通 1
10%
大阪府 大阪市中央区 大手前 2-1-22
10%
広島県 広島市中区 基町 10-52
10%
高知県 高知市 丸ノ内 1-2-20
10%
愛知県 名古屋市中区 三の丸 3-1-2
8%
愛媛県 松山市 一番町 4-4-2
8%
佐賀県 佐賀市 城内 1-1-59
8%
熊本県 熊本市中央区 水前寺 6-18-1
8%
秋田県 秋田市 山王 4-1-1
5%
石川県 金沢市 鞍月 1-1
5%
静岡県 静岡市葵区 追手町 9-6
5%
兵庫県 神戸市中央区 下山手通 5-10-1
5%
沖縄県 那覇市 泉崎 1-2-2
5%
青森県 青森市 長島 1-1-1
3%
岩手県 盛岡市 内丸 10-1
3%
福島県 福島市 杉妻町 2-16
3%
茨城県 水戸市 笠原町 978-6
3%
千葉県 千葉市中央区 市場町 1-1
3%
富山県 富山市 新総曲輪 1-7
3%
三重県 津市 広明町 13
3%
滋賀県 大津市 京町 4-1-1
3%
奈良県 奈良市 登大路町 30
3%
福岡県 福岡市博多区 東公園 7-7
3%
北海道 札幌市中央区 北3条西 6-1
3%
山形県 山形市 松波 2-8-1
0%
栃木県 宇都宮市 塙田 1-1-20
0%
新潟県 新潟市中央区 新光町 4-1
0%
長野県 長野市 大字南長野字幅下 692-2
0%
岐阜県 岐阜市 藪田南 2-1-1
0%
京都府 京都市上京区 下立売通新町西入薮ノ内町 -
0%
和歌山県 和歌山市 小松原通 1-1
0%
島根県 松江市 殿町 1
0%
岡山県 岡山市北区 内山下 2-4-6
0%
山口県 山口市 滝町 1-1
0%
徳島県 徳島市 万代町 1-1
0%
香川県 高松市 番町 4-1--10
0%
長崎県 長崎市 尾上町 3-1
0%
宮崎県 宮崎市 橘通東 2-10-1
0%
鹿児島県 鹿児島市 鴨池新町 10-1
0%
No matching quizzes found
Score Distribution
Percent of People with Each Score
Percentile by Number Answered
Your Score History
You have not taken this quiz